000
00333pam a2200145 a 4500
020
_c
041
_h
082
_a
741.6
_b
HEL
100
_a
Heller Steven.
245
_a
Graphic Design USA 19
_h
Textual Documents
250
_a
1999.
260
_a
America:
_b
American Institute of Graphic Arts.
300
_a
H/320.
930
_a
374
999
_c
234164
_d
234164